Moderne Methoden der Pflanzenanalyse
Shranjeno v:
| Main Authors: | , |
|---|---|
| Format: | Knjiga |
| Jezik: | nemščina |
| Izdano: |
Berlín
Springer Verlag
1955
|
| Teme: | |
| Oznake: |
Označite
Brez oznak, prvi označite!
|
MARC
| LEADER | 00000nam a2200000 a 4500 | ||
|---|---|---|---|
| 001 | UCV7492 | ||
| 003 | CL-VaPUC | ||
| 008 | 930406e19550000GW |||||||||||||||||ger|d | ||
| 082 | 0 | 4 | |a 581.192 |b PAE |2 21 |
| 100 | |a Paech, K. |q (Karl) |e author |9 301621 | ||
| 700 | 0 | |a Tracey, M. V |e author |9 301622 | |
| 245 | 1 | 0 | |a Moderne Methoden der Pflanzenanalyse |
| 246 | 1 | 0 | |a Modern methods of plant analysis |
| 300 | |a v | ||
| 942 | |c BK | ||
| 945 | |d 19930406 00:00:00 |a mfernand | ||
| 260 | |a Berlín |b Springer Verlag |c 1955 | ||
| 650 | 7 | |a PLANTAS ANALISIS |2 CL-VaPUC |9 264933 | |
| 583 | |a last modification |c 19930406 00:00:00 |k Rodrigo Vera | ||
| 999 | |c 213159 |d 213157 | ||